Проблемы подготовки к профессиональной деятельности будущих инженеров в условиях современного рынка труда; Уровневая подготовка специалистов: государственные и международные стандарты инженерного образования

書誌詳細
Parent link:Уровневая подготовка специалистов: государственные и международные стандарты инженерного образования.— 2013.— [С. 55-56]
第一著者: Сапрыкин А. А. Александр Александрович
団体著者: Национальный исследовательский Томский политехнический университет (ТПУ) Юргинский технологический институт (филиал) (ЮТИ) Кафедра металлургии и черных металлов (МЧМ)
その他の著者: Хатькова С. В. Светлана Васильевна
要約:Заглавие с экрана
Рассматривается проблемная ситуация, связанная с нарастанием противоречий между потребностями общества и возможностями вузов в подготовке специалистов мирового уровня. Показаны данные социологического исследования, проведённого в российских вузах, которые демонстрируют отсутствие реальной связи между работодателями и вузами. Сделан вывод о том, что стратегическое партнерство должно обеспечить качественную востребованную целевую подготовку и повышение квалификации специалистов
言語:ロシア語
出版事項: 2013
シリーズ:Разработка и реализация основных образовательных программ партнерство с ведущими университетами и предприятиями
主題:
オンライン・アクセス:http://www.lib.tpu.ru/fulltext/c/2013/C09/033.pdf
フォーマット: MixedMaterials 電子媒体 図書の章
KOHA link:https://koha.lib.tpu.ru/cgi-bin/koha/opac-detail.pl?biblionumber=241391

MARC

LEADER 00000naa2a2200000 4500
001 241391
005 20251216112223.0
035 |a (RuTPU)RU\TPU\book\262659 
035 |a RU\TPU\book\262653 
090 |a 241391 
100 |a 20130715d2013 k y0rusy50 ca 
101 0 |a rus 
102 |a RU 
135 |a arnn ---uucaa 
181 0 |a i  
182 0 |a b 
200 1 |a Проблемы подготовки к профессиональной деятельности будущих инженеров в условиях современного рынка труда  |f А. А. Сапрыкин, С. В. Хатькова 
203 |a Текст  |c электронный 
225 1 |a Разработка и реализация основных образовательных программ партнерство с ведущими университетами и предприятиями 
300 |a Заглавие с экрана 
320 |a [Библиогр.: с. 56 (3 назв.)] 
330 |a Рассматривается проблемная ситуация, связанная с нарастанием противоречий между потребностями общества и возможностями вузов в подготовке специалистов мирового уровня. Показаны данные социологического исследования, проведённого в российских вузах, которые демонстрируют отсутствие реальной связи между работодателями и вузами. Сделан вывод о том, что стратегическое партнерство должно обеспечить качественную востребованную целевую подготовку и повышение квалификации специалистов 
337 |a Adobe Reader 
463 1 |0 (RuTPU)RU\TPU\book\262130  |t Уровневая подготовка специалистов: государственные и международные стандарты инженерного образования  |o сборник трудов научно-методической конференции, 26-30 марта 2013 г., Томск  |f Национальный исследовательский Томский политехнический университет (ТПУ) ; ред. кол. А. И. Чучалин [и др.]  |v [С. 55-56]  |d 2013 
610 1 |a труды учёных ТПУ 
610 1 |a электронный ресурс 
610 1 |a профессиональная деятельность 
610 1 |a инженеры 
610 1 |a рынок труда 
610 1 |a стратегическое партнерство 
610 1 |a целевая подготовка 
610 1 |a квалификация 
610 1 |a подготовка кадров 
610 1 |a специалисты мирового класса 
610 1 |a высшее профессиональное образование 
610 1 |a повышение 
700 1 |a Сапрыкин  |b А. А.  |c специалист в области машиностроения  |c заведующий кафедрой Юргинского технологического института (филиала) Томского политехнического университета, кандидат технических наук  |f 1977-  |g Александр Александрович  |3 (RuTPU)RU\TPU\pers\24241  |9 10727 
701 1 |a Хатькова  |b С. В.  |c тьютор  |c Юргинский технологический институт (филиал) Томского политехнического университета  |g Светлана Васильевна  |3 (RuTPU)RU\TPU\pers\25124  |9 11227 
712 0 2 |a Национальный исследовательский Томский политехнический университет (ТПУ)  |b Юргинский технологический институт (филиал) (ЮТИ)  |b Кафедра металлургии и черных металлов (МЧМ)  |3 (RuTPU)RU\TPU\col\18892 
801 2 |a RU  |b 63413507  |c 20170118  |g RCR 
856 4 |u http://www.lib.tpu.ru/fulltext/c/2013/C09/033.pdf 
942 |c CF